Tomorrows War : (Record no. 185517)
[ view plain ]
| 000 -LEADER | |
|---|---|
| fixed length control field | 00684 a2200181 4500 |
| 003 - CONTROL NUMBER IDENTIFIER | |
| control field | Nust |
| 005 - DATE AND TIME OF LATEST TRANSACTION | |
| control field | 20230307130033.0 |
| 040 ## - CATALOGING SOURCE | |
| Transcribing agency | Nust |
| 082 ## - DEWEY DECIMAL CLASSIFICATION NUMBER | |
| Classification number | 355.07,SHU |
| 100 ## - MAIN ENTRY--PERSONAL NAME | |
| Personal name | David Shukman |
| 9 (RLIN) | 109952 |
| 245 ## - TITLE STATEMENT | |
| Title | Tomorrows War : |
| Remainder of title | The threat of high-technology / |
| Statement of responsibility, etc. | David Shukman |
| 260 ## - PUBLICATION, DISTRIBUTION, ETC. | |
| Place of publication, distribution, etc. | Pakistan |
| Name of publisher, distributor, etc. | Army Edu press |
| Date of publication, distribution, etc. | 2002-2003 |
| 300 ## - PHYSICAL DESCRIPTION | |
| Extent | xiv,272p.; |
| 505 ## - FORMATTED CONTENTS NOTE | |
| Formatted contents note | A Forbidding Challenge (Page-1), An Invincible Sword (Page-21), An Impenetrable Shield (Page-53), A Shared Shield (Page-83), Unfailing Sight (Page-117), An Unerring Aim (Page-147), A Trusted Aide (Page-177), Bloodless Victory (Page-203). |
| 600 ## - SUBJECT ADDED ENTRY--PERSONAL NAME | |
| Personal name | David Shukman |
| 9 (RLIN) | 109952 |
| 650 ## - SUBJECT ADDED ENTRY--TOPICAL TERM | |
| Topical term or geographic name entry element | War |
| 942 ## - ADDED ENTRY ELEMENTS (KOHA) | |
| Source of classification or shelving scheme | |
| Koha item type | Book |
| Withdrawn status | Lost status | Source of classification or shelving scheme | Damaged status | Not for loan | Permanent Location | Current Location | Shelving location | Date acquired | Full call number | Barcode | Date last seen | Price effective from | Koha item type | Public note | Collection code | Total Checkouts |
|---|---|---|---|---|---|---|---|---|---|---|---|---|---|---|---|---|
| Military College of Signals (MCS) | Military College of Signals (MCS) | General Stacks | 12/12/2016 | 355.07,SHU | MCS28974 | 12/08/2016 | 12/12/2016 | Book | Almirah No.74, Shelf No.1 | |||||||
| Military College of Signals (MCS) | Military College of Signals (MCS) | General Stacks | 12/12/2016 | 355.07,SHU | MCS28975 | 12/08/2016 | 12/12/2016 | Book | Almirah No.74, Shelf No.1 | |||||||
| Military College of Signals (MCS) | Military College of Signals (MCS) | 12/12/2016 | 355.07 SHU | MCS28976 | 12/08/2016 | 12/12/2016 | Book | |||||||||
| Military College of Signals (MCS) | Military College of Signals (MCS) | General Stacks | 12/12/2016 | 355.07,SHU | MCS28977 | 12/08/2016 | 12/12/2016 | Book | Almirah No.74, Shelf No.1 |
